Правила устройства и безопасной эксплуатации грузоподъемных кранов: ПБ 10-382-00

Bibliografiske detaljer
Summary:Утверждены 31.12.1999 г., с изменениями 28.10.2008 г.
Sprog:russisk
Udgivet: Екатеринбург, Урал Юр Издат, 2013
Serier:Промышленная безопасность
Fag:
Format: MixedMaterials Bog
KOHA link:https://koha.lib.tpu.ru/cgi-bin/koha/opac-detail.pl?biblionumber=250956

MARC

LEADER 00000nam0a2200000 4500
001 250956
005 20231101232618.0
010 |a 5900900320 
035 |a (RuTPU)RU\TPU\book\273196 
035 |a RU\TPU\book\115041 
090 |a 250956 
100 |a 20140218d2013 k y0rusy50 ca 
101 0 |a rus 
102 |a RU 
105 |a y l 000zy 
200 1 |a Правила устройства и безопасной эксплуатации грузоподъемных кранов  |e ПБ 10-382-00 
210 |a Екатеринбург  |c Урал Юр Издат  |d 2013 
215 |a 223 с. 
225 1 |a Промышленная безопасность 
300 |a Утверждены 31.12.1999 г., с изменениями 28.10.2008 г. 
606 1 |a Грузоподъемные краны  |x Эксплуатация  |2 stltpush  |3 (RuTPU)RU\TPU\subj\8689  |9 36047 
610 1 |a грузоподъемные работы 
610 1 |a грузоподъемные устройства 
610 1 |a эксплуатационная безопасность 
610 1 |a правила 
610 1 |a ПБ 10-382-00 
675 |a 621.873.004(083.13)  |v 3 
801 1 |a RU  |b 63413507  |c 20061211  |g PSBO 
801 2 |a RU  |b 63413507  |c 20140305  |g PSBO 
942 |c BK